000 00917nam a2200277 a 4500
001 000025367
005 20260119095730.0
008 110215s2003 dr c 000 0 spa d
020 _a999349580
040 _aDO-SdBNP
_bspa
_cBNPHU
082 _a395.22
_bP376c, 2003
100 1 _aPeguero Colón, Samuel
_92205
245 1 0 _aCharlas para jóvenes enamorados /
_cSamuel Peguero Colón; prólogo Roberto Herrera.
250 _a3a ed., ampl. y rev.
260 _aSanto Domingo :
_bEditora Dahiana,
_c2003.
300 _a207 p. :
_bil., retrs. ;
_c21 cm.
505 2 _av., Tesoros de enriquecimiento familiar
650 0 _aParejas
_9802
650 4 _aElección del conyuge
_91472
650 4 _aBodas
_xPlanificación
_951942
650 4 _aEsponsales
_951943
650 4 _aEducación para la vida familiar
_92729
650 0 _aCortejo amoroso
_98267
700 1 _aRoberto, Herrera
_epról.
_951944
049 _aBNPD
999 _c24859
_d24859